000 00857 a2200325 4500
003 0
005 20170706094055.0
008 170706b xxu||||| |||| 00| 0 eng d
020 _a2 247 04266 X
037 _b2, MES
037 _aDe 9601
037 _aDe 9602
040 _aBUAC
_bFr
_cBUC
100 _aDemeure, Claude
100 _lFr
245 _aMarketing
_c/ par Claude Demeure
250 _a3e éd.
260 _aParis :
260 _bEd. Dalloz,
260 _c2001
300 _aXXIII-387p
_bcouv. en coul. ;
300 _b21 cm
440 _a(Collection Aide - mémoire)
500 _aIndex pp. 381-387
630 _a65 - Gestion et organisation de lindustrie, du commerce, de la communication et des transports
_920580
650 _a6 - SCIENCES APPLIQUEES
650 _aMarketing
_919825
942 _cLBA
999 _c43302
_d43302